=LDR 00000nam 2200000 4500 =001 INLIS000000000026626 =005 20130612125044 =008 ***********************************Ind** =035 ##$$0010-061300000026626 =041 ##$$a Ind =082 ##$$a 028.55 =090 ##$$a 028.55, Ber p =100 ##$$a Bertino, Andre =245 ##$$a Pemandangan menakjubkan di pamukkale serta cerita lamanya, Bertino, Andree =260 ##$$a (s.a) $b Bogor =300 ##$$a 24 hlm, ilus, 19 cm =650 ##$$a Bacaan kanak - kanak =850 ##$$a NBPNMAT